=LDR 00000nam 2200000 4500 =001 INLIS000000000809616 =008 ###################################ind## =035 ##$$a 0010-0825000109 =245 ##$$a Mulai Membuat Anyaman Bambu / $c Choirumuddin =260 ##$$b Penerbit Tropic =020 ##$$a 9789799412980 =084 ##$$a 634.4 DIN m =520 ##$$a Tekstil dari serta khusus =082 ##$$a 634.4